| 000 | 00574nam a22001697a 4500 | ||
|---|---|---|---|
| 999 |
_c60698 _d60698 |
||
| 005 | 20231010111729.0 | ||
| 008 | 231010s1975 pl ||||| |||| 00| 0 pol d | ||
| 041 | _apol | ||
| 080 | _a902/904 S-67 | ||
| 100 |
_aSlabe, Marijan _920049 |
||
| 245 |
_aDravlje : _bgrobišče iz časov preseljevanja ljudstev / _cMarijan Slabe. |
||
| 264 |
_aLjubljana, _c1975. |
||
| 300 |
_a157 p.: _bill.; _c24 cm. |
||
| 440 |
_aSitula 16 _920050 |
||
| 653 | _aდრავლიე, სამარხი ხალხთა მიგრაციის დროიდან | ||
| 942 |
_2udc _cBK |
||